000 01498nam a2200301 c 4500
003 BLK
005 20180422112329.0
008 180409b bul|||||r ||||||| ||bul||
010 _aKNG00147394000
040 _aBLK
041 _aBUL
_cBUL
080 _aРуска литература
_b821.161.1
_x-31
_z821.161.1-31
100 1 _aГлазов, Григорий Соломонович
_eпърви автор
_9327329
700 1 _aКостурков, Йордан
_eс предг. от
_9364032
700 1 _aИванова, Мария
_eпрев. от рус.
_9371899
139 _aГлазов, Григорий Соломонович
_bГ 53
245 1 0 _aДетектив по неволя
_bРоман
_cГригорий Соломонович Глазов; с предг. от Йордан Костурков; прев. от рус. Мария Иванова.
257 _aRUS
260 Пловдив
_bХристо Г. Данов
_c1987
300 _a299 с.
_c21 см
380 _aX
500 _aПрев. е направен от Без наркоза ; Вынужденный детективь / Григорий Соломонович Глазов. - Кн. е изд. 1983 от Воен. изд. със загл. Детектив по принуда и прев. Радка Малинова. - 90 637 тир.
852 _aЦб 147189
856 4 _qpdf
_u
856 4 _qpdf
_u
942 _cKNG
_n0
944 _aCR
_c26.09.2016
_kКина_Георгиева
944 _aED
_c26.09.2016
_kКина_Георгиева
999 _c141323
_d141323